Contemporary theories about the family / (Record no. 891)

MARC details
000 -LEADER
fixed length control field 00874cam a2200265 i 4500
005 - DATE AND TIME OF LATEST TRANSACTION
control field 20260322212038.0
008 - FIXED-LENGTH DATA ELEMENTS--GENERAL INFORMATION
fixed length control field data
010 ## - LIBRARY OF CONGRESS CONTROL NUMBER
LC control number 77081430r80
020 ## - INTERNATIONAL STANDARD BOOK NUMBER
International Standard Book Number 0029049407 (v. 1)
020 ## - INTERNATIONAL STANDARD BOOK NUMBER
International Standard Book Number 0029049504 (v. 2)
020 ## - INTERNATIONAL STANDARD BOOK NUMBER
International Standard Book Number 9780029049402 (v. 1)
020 ## - INTERNATIONAL STANDARD BOOK NUMBER
International Standard Book Number 9780029049501 (v. 2)
040 ## - CATALOGING SOURCE
Modifying agency CStRLIN
050 0# - LIBRARY OF CONGRESS CALL NUMBER
Classification number HQ728
Item number .C618
090 ## - LOCALLY ASSIGNED LC-TYPE CALL NUMBER (OCLC); LOCAL CALL NUMBER (RLIN)
Classification number (OCLC) (R) ; Classification number, CALL (RLIN) (NR) HQ 728 C618 1979
001 - CONTROL NUMBER
control field data
245 00 - TITLE STATEMENT
Title Contemporary theories about the family /
Statement of responsibility, etc. edited by Wesley R. Burr.
260 0# - PUBLICATION, DISTRIBUTION, ETC.
Place of publication, distribution, etc. New York :
Name of publisher, distributor, etc. Free Press,
Date of publication, distribution, etc. c1979.
300 ## - PHYSICAL DESCRIPTION
Extent 2 v. :
Other physical details ill. ;
Dimensions 24 cm.
504 ## - BIBLIOGRAPHY, ETC. NOTE
Bibliography, etc. note Includes bibliographical references and index.
505 0# - FORMATTED CONTENTS NOTE
Formatted contents note v. 1. Research-based theories.--v. 2. General theories/theoretical orientations.
590 ## - LOCAL NOTE (RLIN)
Local note Volume 1: Research-based theories; Volume. 2: General theories, theoretical orientations.
650 #0 - SUBJECT ADDED ENTRY--TOPICAL TERM
Topical term or geographic name entry element Family.
700 1# - ADDED ENTRY--PERSONAL NAME
Personal name Burr, Wesley R.,
Dates associated with a name 1936-
Holdings
Withdrawn status Lost status Damaged status Not for loan Home library Current library Shelving location Date acquired Total checkouts Full call number Barcode Date last seen Price effective from Koha item type
        Centerville Centerville General stacks 22/03/2026   HQ728 .C618 BC0010918 22/03/2026 22/03/2026 Books